00689nam a2200193Ia 4500008004100000041000800041082001600049100002700065245004600092250001100138260001500149300002500164365001700189500001000206700004900216906002900265999001900294952018200313230718s9999 xx 000 0 und d aeng a610.28bLAB aLabhasetwar V.9126908 aBiomedical Applications Of Nanotechnology aREVISE bJohn Wiley dRef 484 I ME (29215) cRs.b4177.91 a484 I aLabhasetwar V. & Lesliepelecky D. L.9189772 dB:96123-Nov-2007cME INS c318008d318008 00102ddc3Ref 484 I (29215)4073aCCEPbCCEPd2008-01-04eGoels Computer HutfME INSg4177.91i961o610.28pCCEP-BK-29215r2023-07-18 00:00:00v4177.91w2007-11-23yBKz029215